000 01009nam a2200253 4500
001 40518
003 BD-RjUL
005 20211209053231.0
008 160503r20101997bg||||| |||| 00|10 dbend
020 _a9840748017
_c: 160.00
035 _a(BD-RjUL)40633
040 _aBD-RjUL
_bben
_cBD-RjUL
041 _aben
082 _223
_a142.78
_bCHA 2010
100 _aচাকমা, নীরুকুমার
_9124753
245 1 0 _aঅস্তিত্ববাদ ও ব্যক্তিস্বাধীনতা /
_cনীরুকুমার চাকমা
250 _a২য় সং.
260 _aঢাকা :
_bবাংলা একাডেমী,
_c১৯৯৭ [পুনমুদ্রণ ২০১০]
300 _a১৬, ১৬০ পৃ.;
_c২১ সেমি.
504 _aনির্ঘণ্ট ও গ্রন্থপঞ্জি সংযুক্ত
650 _aExistentialisme.
_9124782
650 _aঅস্তিত্ববাদ .
_9124759
942 _2ddc
_cBK
999 _c40518
_d40518